[Event "London Classic op U2050-A 11th"]
[Site "London"]
[Date "2019.11.30"]
[Round "3"]
[White "Patel, Devan"]
[Black "Stewart, Tony"]
[Result "0-1"]
[WhiteElo "1879"]
[BlackElo "1921"]
[PlyCount "66"]
[EventDate "2019.11.29"]
[EventType "swiss"]
[EventRounds "5"]
[EventCountry "ENG"]
[SourceTitle "CBM 195 Extra"]
[Source "ChessBase"]
[SourceDate "2020.05.31"]
[SourceVersion "1"]
[SourceVersionDate "2020.05.31"]
[SourceQuality "1"]

1. d4 Nf6 2. Nc3 g6 3. Bf4 Bg7 4. e4 d6 5. Qd2 c6 6. h4 b5 7. f3 Nbd7 8. Nge2 b4 9. Nd1 Qa5 10. Ne3 Nb6 11. Nc1 Be6 12. a4 Nc8 13. Nc4 Bxc4 14. Bxc4 h5 15. Nb3 Qb6 16. a5 Qb7 17. e5 Nd5 18. Bxd5 cxd5 19. 0-0 0-0 20. Rfe1 dxe5 21. dxe5 e6 22. Bg5 Rb8 23. Qe3 Ne7 24. Nc5 Nf5 25. Qf2 Qc6 26. Nd3 Qc4 27. Re2 b3 28. Nc5 Nd4 29. Rd2 Qxc5 30. Be3 bxc2 31. Bxd4 c1Q+ 32. Rd1 Qxd1+ 33. Rxd1 Qxa5 0-1